000 00591nam a2200217Ia 4500
003 OSt
005 20220926042326.0
006 a|||||r|||| 00| 0
007 ta
008 220923b |||||||| |||| 00| 0 eng d
037 _cGeneral Book
040 _aRTL
_cRTL
_beng
041 _2eng
_aeng
082 _aX76.73.N5, K0
100 _aBator Franacis M
_9346100
245 0 _aQuestion of government spending
_b Public needs & p
260 _c1960
650 _aExpenditure
_9236431
942 _hX76.73.N5, K0
_cGB
_2CC
999 _c669443
_d669443